000 00260nam a2200109Ia 4500
003 GCL
008 140319s9999 xx 000 0 ara d
040 _aGCL /
_cGCL
082 0 4 _aفيديو\232
245 1 0 _aالىمن يهمة الامر
490 _aأسرتى
_v0
999 _c44671
_d44671